| 000 | 00545nam a22001817a 4500 | ||
|---|---|---|---|
| 999 |
_c186871 _d186871 |
||
| 005 | 20220322114847.0 | ||
| 010 | _aENG-132058 | ||
| 020 |
_a9789389226102 _c180.00 |
||
| 035 | _aEN-115590 | ||
| 037 | _bDBAD | ||
| 082 | _a650.1 | ||
| 100 | _aRaju, C.S. | ||
| 245 |
_a24 Life Secrets for Career Beginners/ _cC.S. Raju |
||
| 260 |
_aChennai _bCoral Publishers & Distributors. _c2019 |
||
| 270 |
_a Thirumullaivoyal , _bChennai _e600109 _mcoralbooks2016@gmail.com |
||
| 300 |
_a160p _c21cm(pbk) |
||
| 942 |
_2ddc _cEN _h650.1 _mRAJ |
||